[Event "Tseshkovsky Mem 2014"]
[Site "Sochi RUS"]
[Date "2014.09.18"]
[Round "2.34"]
[White "Kalinin, Nikita"]
[Black "Tsvetkov, Vladimir"]
[Result "1-0"]
[WhiteElo "2149"]
[BlackElo "1862"]
[WhiteFideId "24155390"]
[BlackFideId "34149624"]
[EventDate "2014.09.17"]

1. e4 e5 2. Nf3 Nc6 3. d4 exd4 4. Nxd4 Ne5 5. f4 Ng6 6. Nc3 c6 7. Bd3 Qb6 8.
Nce2 Bc5 9. c3 N8e7 10. b4 Bxd4 11. Nxd4 a5 12. Be3 axb4 13. Nf5 Qc7 14. Nxg7+
Kf8 15. Nh5 Qa5 16. f5 Ne5 17. Bh6+ Ke8 18. Bg7 bxc3 19. O-O Qc5+ 20. Kh1 Rg8
21. Nf6+ Kd8 22. Nxg8 Nxg8 23. Bxe5 Qxe5 24. Qb3 Nh6 25. Rac1 Ng4 26. g3 Qd4 27.
Bb1 Nf2+ 28. Kg2 Nxe4 29. Qxf7 b6 30. f6 Qd2+ 31. Kg1 Ng5 32. Qe7+ Kc7 33. Qe5+
d6 34. Qxc3 Nh3+ 35. Kh1 Qd5+ 36. Qf3 Be6 37. Be4 Qe5 38. Bxc6 Rf8 39. Rfe1 Qxf6
40. Bd7+ Kb8 41. Qc6 Qf3+ 42. Qxf3 Rxf3 43. Bxe6 1-0

[Event "Tseshkovsky Mem 2014"]
[Site "Sochi RUS"]
[Date "2014.09.18"]
[Round "2.35"]
[White "Zlydneva, Daria"]
[Black "Shandrygin, Nikita"]
[Result "1/2-1/2"]
[WhiteElo "1799"]
[BlackElo "2124"]
[WhiteFideId "24102709"]
[BlackFideId "24198668"]
[EventDate "2014.09.17"]

1. d4 Nf6 2. Nf3 g6 3. c3 Bg7 4. Bf4 O-O 5. Nbd2 d6 6. e4 Nbd7 7. Be2 b6 8. h3
Bb7 9. Qc2 Qe8 10. Bh2 e5 11. dxe5 dxe5 12. b4 Qe7 13. O-O Bh6 14. Rfe1 Nh5 15.
Bc4 Rae8 16. Rad1 Kh8 17. Bb3 Bf4 18. Nc4 f5 19. Ba4 Ndf6 20. Bxe8 Bxe4 21. Rxe4
fxe4 22. Nfxe5 Qxe8 23. Ng4 Nxg4 24. hxg4 Bxh2+ 25. Kxh2 Nf6 26. Ne3 Qe6 27. Rd4
Nxg4+ 28. Nxg4 Qxg4 29. Rxe4 Qh5+ 30. Kg1 Rd8 31. Re1 1/2-1/2

[Event "Tseshkovsky Mem 2014"]
[Site "Sochi RUS"]
[Date "2014.09.18"]
[Round "2.36"]
[White "Vishnjakova, Svetlana"]
[Black "Skripnikov, Velori"]
[Result "1-0"]
[WhiteTitle "WFM"]
[WhiteElo "2123"]
[BlackElo "1799"]
[WhiteFideId "4147219"]
[BlackFideId "24153478"]
[EventDate "2014.09.17"]

1. e4 c6 2. d4 d5 3. exd5 cxd5 4. Bd3 Nc6 5. c3 e5 6. dxe5 Nxe5 7. Qe2 Qe7 8.
Bb5+ Bd7 9. Bxd7+ Nxd7 10. Bg5 Ngf6 11. Nd2 O-O-O 12. Be3 Re8 13. O-O-O Qe6 14.
Qb5 a6 15. Qa5 Qc6 16. Nb3 Bd6 17. Nf3 Bc7 18. Qb4 Qc4 19. h3 h6 20. Nfd2 Qxb4
21. cxb4 Ne5 22. Nc5 Nc6 23. b5 axb5 24. Ndb3 Rd8 25. Nd4 Be5 26. Ncb3 Rhe8 27.
Nxb5 Nh5 28. Bb6 Rd7 29. g3 Nf6 30. Rhe1 Rde7 31. Kb1 Nd7 32. Be3 Nf6 33. Bc5
Re6 34. Rf1 Ne4 35. Rxd5 Nxc5 36. Rxc5 Bf6 37. N3d4 Re1+ 38. Rxe1 Rxe1+ 39. Kc2
Kb8 40. Nxc6+ bxc6 41. Nc3 Kb7 42. Rf5 Re5 43. Rf3 Rc5 44. h4 Ra5 45. a3 Rc5 46.
b4 Re5 47. Kd3 Kb6 48. Kc4 Re1 49. Na4+ Kc7 50. Nc5 Rc1+ 51. Kb3 Rb1+ 52. Ka4
Re1 53. Rd3 Re7 54. Ka5 Be5 55. f4 1-0

[Event "Tseshkovsky Mem 2014"]
[Site "Sochi RUS"]
[Date "2014.09.18"]
[Round "2.37"]
[White "Nikolaev, Valerij"]
[Black "Mednikov, Gennadiy"]
[Result "1/2-1/2"]
[WhiteElo "1789"]
[BlackElo "2117"]
[WhiteFideId "24159484"]
[BlackFideId "4150775"]
[EventDate "2014.09.17"]

1. f4 d5 2. d4 Bf5 3. Nf3 e6 4. e3 Nf6 5. c3 Be7 6. Bd3 Bxd3 7. Qxd3 O-O 8. O-O
c5 9. b3 Nc6 10. Ba3 b6 11. Ne5 Qc7 12. Rf3 Ne4 13. Nxc6 Qxc6 14. f5 Rad8 15.
Bb2 1/2-1/2

[Event "Tseshkovsky Mem 2014"]
[Site "Sochi RUS"]
[Date "2014.09.18"]
[Round "2.38"]
[White "Bykova, Anastasia"]
[Black "Tvelov, Boris"]
[Result "1-0"]
[WhiteTitle "WFM"]
[WhiteElo "2112"]
[BlackElo "1795"]
[WhiteFideId "4164970"]
[BlackFideId "24180920"]
[EventDate "2014.09.17"]

1. e4 e5 2. Nf3 Nc6 3. Bc4 Nf6 4. d3 Bc5 5. c3 d6 6. O-O O-O 7. Re1 Be6 8. Bb5
Ng4 9. Rf1 f5 10. Ng5 Bd7 11. h3 Nh6 12. a4 f4 13. Nf3 Rf6 14. b4 Rg6 15. Kh1
Bxb4 16. cxb4 Bxh3 17. gxh3 Qc8 18. Rg1 Qxh3+ 19. Nh2 Nd4 20. Rxg6 hxg6 21. Bc4+
Kf8 22. Bb2 f3 23. Qf1 Qh4 24. Bxd4 exd4 25. Qg1 Qf4 26. Na3 Ke7 27. Qxg6 Rh8
28. Qxg7+ Nf7 29. Qxf7+ Qxf7 30. Bxf7 Kxf7 31. Nb5 a6 32. Nxd4 Rh3 33. Nxf3 Kf6
34. Kg2 Rh8 35. Ng4+ Ke7 36. Rh1 Rg8 37. Kg3 c5 38. bxc5 dxc5 39. Rh7+ 1-0

[Event "Tseshkovsky Mem 2014"]
[Site "Sochi RUS"]
[Date "2014.09.18"]
[Round "2.39"]
[White "Mavlyaveev, Vladimir"]
[Black "Sergeeva, Natalia"]
[Result "0-1"]
[WhiteElo "1714"]
[BlackElo "2088"]
[WhiteFideId "24161500"]
[BlackFideId "4117743"]
[EventDate "2014.09.17"]

1. e4 c5 2. Nf3 d6 3. d4 cxd4 4. Nxd4 Nf6 5. Nc3 a6 6. h3 e6 7. g4 d5 8. Nde2
Nxe4 9. Nxe4 dxe4 10. Qxd8+ Kxd8 11. Bf4 Bc5 12. Nc3 Nd7 13. Nxe4 Bd4 14. c3 Be5
15. Bxe5 Nxe5 16. O-O-O+ Ke7 17. f4 Ng6 18. f5 exf5 19. gxf5 Nh4 20. Nd6 Nxf5
21. Nxf5+ Bxf5 22. Bg2 Rab8 23. Rhe1+ Be6 24. Bd5 h5 25. Rd2 Rh6 26. c4 a5 27.
b3 b6 28. Rg2 Rg8 29. Rd2 g5 30. Bc6 g4 31. hxg4 hxg4 32. Rd7+ Kf6 33. Rb7 g3
34. Rg1 Rh2 35. Bg2 Ke5 36. Rxb6 Kf4 37. Rd6 Bh3 38. Bxh3 Rxh3 39. Rf6+ Ke5 40.
Rxf7 g2 41. Re7+ Kf4 42. Kd2 Rh1 43. Ree1 Rxg1 44. Rxg1 Kf3 45. a3 Kf2 0-1

[Event "Tseshkovsky Mem 2014"]
[Site "Sochi RUS"]
[Date "2014.09.18"]
[Round "2.40"]
[White "Kirillov, Nikolay"]
[Black "Khristenko, Elena"]
[Result "1-0"]
[WhiteElo "2087"]
[BlackElo "1781"]
[WhiteFideId "24133850"]
[BlackFideId "34143391"]
[EventDate "2014.09.17"]

1. d4 d6 2. c4 Nf6 3. Nc3 g6 4. g3 Bg7 5. Bg2 O-O 6. Nf3 Nbd7 7. O-O e5 8. e3
Re8 9. b3 a6 10. Bb2 Rb8 11. Rc1 b5 12. c5 exd4 13. Nxd4 Ne5 14. cxd6 Qxd6 15.
Nc6 Rb6 16. Nxe5 Rxe5 17. Ne2 Qxd1 18. Rfxd1 Re8 19. Rxc7 Bg4 20. Rd2 h5 21. Nf4
Ne4 22. Bxe4 Bxb2 23. Bd5 Be5 24. Rxf7 Kh8 25. h3 Bc8 26. Kg2 Rd6 27. e4 Bxf4
28. gxf4 Be6 29. Ra7 Rf8 30. Re7 Bg8 31. Kg3 Rfd8 32. Re5 Kg7 33. h4 Kf6 34. Rg5
Ke7 35. Kf3 a5 36. Ke3 b4 37. Kd4 Bxd5 38. Rxd5 Rxd5+ 39. exd5 Kd6 40. Re2 Rf8
41. Re6+ Kd7 42. Ke5 Rf5+ 43. Ke4 Rf8 44. Rxg6 Re8+ 45. Re6 Rg8 46. Rh6 Rg2 47.
Kf3 Rg1 48. Rxh5 Ra1 49. Re5 Rxa2 50. h5 a4 51. h6 axb3 52. h7 Ra8 53. Re2 Kd6
54. Rb2 Kxd5 55. Rxb3 Kc4 56. Rb1 b3 57. Kg4 Rh8 58. Rh1 b2 59. Kg5 Rxh7 60. Rb1
Kc3 61. f5 Rh2 62. f4 Rg2+ 63. Kh5 Rf2 64. Kg4 Kd4 65. f6 Ke3 66. Kg5 Rxf4 67.
Rxb2 Rf1 68. Rb4 Rg1+ 69. Kf5 Rf1+ 70. Ke6 Ra1 71. f7 Rf1 72. Ke7 1-0

[Event "Tseshkovsky Mem 2014"]
[Site "Sochi RUS"]
[Date "2014.09.18"]
[Round "2.41"]
[White "Zlydneva, Ekaterina"]
[Black "Zhukov, Viktor I.1"]
[Result "0-1"]
[WhiteElo "1640"]
[BlackElo "2084"]
[WhiteFideId "24179310"]
[BlackFideId "4136195"]
[EventDate "2014.09.17"]

1. e4 c5 2. Nf3 d6 3. d4 cxd4 4. Nxd4 Nf6 5. Nc3 g6 6. Be3 Bg7 7. Qd2 h5 8. Be2
Nc6 9. O-O-O Bd7 10. h3 Rc8 11. f3 Ne5 12. g4 Nc4 13. Bxc4 Rxc4 14. Ndb5 a6 15.
Na3 Rc8 16. g5 Nh7 17. Nd5 Be6 18. Bb6 Qd7 19. Bd4 0-1

[Event "Tseshkovsky Mem 2014"]
[Site "Sochi RUS"]
[Date "2014.09.18"]
[Round "2.42"]
[White "Martynyuk, Elizaveta"]
[Black "Skvortsova, Olesya"]
[Result "1-0"]
[WhiteElo "2083"]
[BlackElo "1713"]
[WhiteFideId "24128511"]
[BlackFideId "34161420"]
[EventDate "2014.09.17"]

1. e4 e5 2. Nf3 Nc6 3. Bc4 Bc5 4. c3 d6 5. d3 h6 6. O-O Nf6 7. h3 Bd7 8. Bb3 Qe7
9. Nbd2 g5 10. Nc4 g4 11. hxg4 Bxg4 12. Be3 Bb6 13. Bxb6 axb6 14. Ne3 h5 15. g3
Bxf3 16. Qxf3 h4 17. Nf5 Qd8 18. Nxh4 Rh6 19. Kg2 Qd7 20. Nf5 Rh7 21. Rh1 O-O-O
22. Rxh7 Nxh7 23. Rh1 Ng5 24. Qg4 f6 25. f4 Ne6 26. Bxe6 Qxe6 27. Ne7+ Kd7 28.
Qxe6+ Kxe6 29. Nxc6 bxc6 30. f5+ Kd7 31. Rh7+ Kc8 32. Rf7 Rd7 33. Rxf6 Kd8 34.
Re6 Rg7 35. Rg6 Rxg6 36. fxg6 Ke7 37. Kh3 Kf6 38. Kh4 Kxg6 39. Kg4 Kf6 40. Kh5
d5 41. c4 dxc4 42. dxc4 c5 43. g4 c6 44. Kh6 Kf7 45. g5 Kg8 46. a4 Kh8 47. Kg6
Kg8 48. b3 Kf8 49. Kh7 1-0

[Event "Tseshkovsky Mem 2014"]
[Site "Sochi RUS"]
[Date "2014.09.18"]
[Round "2.43"]
[White "Pozdniakov, Maksim"]
[Black "Kiriushin, Vladimir"]
[Result "0-1"]
[WhiteElo "1610"]
[BlackElo "2080"]
[WhiteFideId "24196371"]
[BlackFideId "4150848"]
[EventDate "2014.09.17"]

1. Nf3 c5 2. g3 d5 3. Bg2 Nc6 4. d3 Nf6 5. O-O e5 6. c4 d4 7. a3 a5 8. Qc2 Be7
9. e4 O-O 10. Ne1 Bd7 11. f4 a4 12. f5 Na5 13. Nd2 Ng4 14. Ndf3 Nb3 15. Rb1 Nxc1
16. Qxc1 b5 17. Nd2 Bg5 18. Nef3 Be3+ 19. Kh1 bxc4 20. Qxc4 Bxd2 21. Nxd2 Ne3
22. Qxc5 Nxf1 23. Rxf1 Qa5 24. Qc2 Rfc8 25. Nc4 Bb5 26. f6 Bxc4 27. Qc1 Be6 28.
Qg5 Kf8 29. Qxg7+ Ke8 30. Bh3 Bxh3 31. Qg8+ Kd7 32. Qxf7+ Kc6 33. Qe7 Qc5 0-1

[Event "Tseshkovsky Mem 2014"]
[Site "Sochi RUS"]
[Date "2014.09.18"]
[Round "2.44"]
[White "Popov, Evgeny"]
[Black "Esipenko, Aleksandr"]
[Result "1-0"]
[WhiteElo "2059"]
[BlackElo "1633"]
[WhiteFideId "34109380"]
[BlackFideId "34125911"]
[EventDate "2014.09.17"]

1. e4 c5 2. Nf3 d6 3. Bb5+ Bd7 4. Bxd7+ Nxd7 5. O-O Ngf6 6. Qe2 g6 7. c4 Bg7 8.
Nc3 O-O 9. d4 cxd4 10. Nxd4 Rc8 11. Rd1 Nb6 12. b3 Nfd7 13. Be3 a6 14. Rac1 Ne5
15. f3 Nc6 16. Nxc6 bxc6 17. c5 Na8 18. cxd6 exd6 19. Qxa6 Nc7 20. Qd3 Ne8 21.
Kh1 Qe7 22. Nd5 Qe6 23. Nb6 Rc7 24. a4 c5 25. Nd5 Rb7 26. a5 f5 27. a6 Ra7 28.
b4 Bd4 29. Bxd4 cxd4 30. b5 Nf6 31. b6 fxe4 32. Nxf6+ Qxf6 33. fxe4 Raa8 34. b7
Rab8 35. Rf1 Qe7 36. Qb3+ Kh8 37. Rxf8+ Qxf8 38. a7 1-0

[Event "Tseshkovsky Mem 2014"]
[Site "Sochi RUS"]
[Date "2014.09.18"]
[Round "2.45"]
[White "Vorushilo, Alena"]
[Black "Bykov, Egor"]
[Result "0-1"]
[WhiteElo "1592"]
[BlackElo "2050"]
[WhiteFideId "34132284"]
[BlackFideId "34115290"]
[EventDate "2014.09.17"]

1. e4 e6 2. d4 d5 3. e5 c5 4. Bb5+ Bd7 5. Bxd7+ Nxd7 6. c3 Ne7 7. Nf3 Nc6 8. O-O
Be7 9. Be3 O-O 10. Na3 cxd4 11. cxd4 Bxa3 12. bxa3 Nb6 13. Nd2 Na5 14. Qg4 Kh8
15. Bg5 Qd7 16. Nb3 Nbc4 17. Nxa5 Nxa5 18. Rab1 Nc4 19. Rb3 f6 20. exf6 gxf6 21.
Bh6 Rg8 22. Qh4 Rg6 23. Rf3 Rag8 24. Kh1 e5 25. Rd1 e4 26. Rg3 Rxg3 27. fxg3 Qe7
28. Rf1 e3 29. Qxf6+ Qxf6 30. Rxf6 Re8 31. Rf8+ Rxf8 32. Bxf8 e2 33. Bb4 Nb2 34.
Kg1 Nd3 35. Bd2 e1=Q+ 36. Bxe1 Nxe1 37. Kf2 Nc2 38. Ke2 Nxd4+ 39. Kd3 Ne6 40.
Ke3 Kg7 41. h4 Kf6 42. g4 Ke5 43. g3 d4+ 44. Kd2 Ke4 45. Ke2 d3+ 46. Kd2 Nd4 47.
g5 Nf3+ 48. Kd1 Ke3 49. h5 Nxg5 50. Ke1 d2+ 51. Kd1 Ne4 0-1

[Event "Tseshkovsky Mem 2014"]
[Site "Sochi RUS"]
[Date "2014.09.18"]
[Round "2.46"]
[White "Protopopova, Anastasiya"]
[Black "Khristenko, Anna"]
[Result "1-0"]
[WhiteElo "2049"]
[BlackElo "1605"]
[WhiteFideId "24172073"]
[BlackFideId "24173886"]
[EventDate "2014.09.17"]

1. Nf3 Nf6 2. c4 g6 3. Nc3 Bg7 4. e4 d6 5. d4 O-O 6. Be2 c6 7. O-O Qc7 8. Bf4
Nh5 9. Be3 e5 10. c5 exd4 11. cxd6 Qxd6 12. Nxd4 Nf6 13. f4 Qe7 14. Bf3 Nxe4 15.
Nxe4 f5 16. Qb3+ Kh8 17. Nf2 Re8 18. Rfe1 Qc7 19. Rad1 Na6 20. Qc4 Re7 21. Bd2
Rf7 22. Re8+ Rf8 23. Rxf8+ Bxf8 24. Bc3 Bg7 25. Re1 Bd7 26. Re7 Rg8 27. Qf7 Nb8
28. Ne6 Bxe6 29. Bxg7+ Rxg7 30. Qxg7# 1-0

[Event "Tseshkovsky Mem 2014"]
[Site "Sochi RUS"]
[Date "2014.09.18"]
[Round "2.55"]
[White "Saveleva, Anna"]
[Black "Alchakov, Ratmir"]
[Result "0-1"]
[WhiteElo "1787"]
[BlackElo "1938"]
[WhiteFideId "24196380"]
[BlackFideId "24199699"]
[EventDate "2014.09.17"]

1. d4 d5 2. c4 e6 3. Nc3 Nf6 4. Nf3 c6 5. Bg5 Be7 6. e3 Qa5 7. Bxf6 Bxf6 8. Be2
O-O 9. O-O Nd7 10. Qa4 Qxa4 11. Nxa4 dxc4 12. Nc3 Nb6 13. Ne4 Be7 14. Ned2 c5
15. Nxc4 Nxc4 16. Bxc4 cxd4 17. Nxd4 Bf6 18. Rfd1 Rd8 19. Rab1 Bd7 20. b3 Rac8
21. Rbc1 Bxd4 22. exd4 Bc6 23. f3 Rd6 24. Bb5 Kf8 25. Bxc6 Rdxc6 26. Rxc6 Rxc6
27. Rd2 Ke7 28. Kf2 Kd6 29. Ke3 Kd5 30. h3 b5 31. Kd3 b4 32. Ke3 Rc3+ 33. Ke2 a5
34. Kf2 a4 35. bxa4 Ra3 36. a5 Rxa5 37. Ke2 Kc4 38. Kf2 Ra3 39. Ke2 Rc3 40. Rb2
f5 41. g3 g5 42. g4 f4 0-1

[Event "Tseshkovsky Mem 2014"]
[Site "Sochi RUS"]
[Date "2014.09.19"]
[Round "3.1"]
[White "Panarin, Mikhail"]
[Black "Jobava, Baadur"]
[Result "1/2-1/2"]
[WhiteTitle "GM"]
[BlackTitle "GM"]
[WhiteElo "2555"]
[BlackElo "2708"]
[WhiteFideId "4153251"]
[BlackFideId "13601520"]
[EventDate "2014.09.17"]

1. e4 c5 2. Nf3 Nc6 3. d4 cxd4 4. Nxd4 e5 5. Nb5 d6 6. a4 Be7 7. N1c3 Nf6 8. Bg5
O-O 9. Bxf6 Bxf6 10. Bc4 Be6 11. Nd5 Bg5 12. O-O Rc8 13. c3 Kh8 14. Qe2 a6 15.
Na3 Nb8 16. Rfd1 Nd7 17. a5 Qxa5 18. Nb5 Qd8 19. Nxd6 Rb8 20. Ne3 Bxe3 21. Bxe6
fxe6 22. Qxe3 Qc7 23. Rd2 Nc5 24. Rad1 Nb3 25. Rd3 Nc5 26. R3d2 Nb3 27. Rd3 1/2-1/2

[Event "Tseshkovsky Mem 2014"]
[Site "Sochi RUS"]
[Date "2014.09.19"]
[Round "3.2"]
[White "Bryzgalin, Kirill"]
[Black "Rakhmanov, Aleksandr"]
[Result "1-0"]
[WhiteTitle "GM"]
[BlackTitle "GM"]
[WhiteElo "2448"]
[BlackElo "2626"]
[WhiteFideId "4133285"]
[BlackFideId "4173708"]
[EventDate "2014.09.17"]

1. e4 d5 2. exd5 Qxd5 3. Nc3 Qd6 4. d4 g6 5. Bc4 Bg7 6. Nge2 c6 7. O-O Nf6 8.
Bf4 Qd8 9. Qd2 O-O 10. Rad1 b6 11. Rfe1 Ba6 12. Bb3 Nbd7 13. Ng3 e6 14. Nce4 Nd5
15. Bh6 Re8 16. Bxg7 Kxg7 17. c4 N5f6 18. Nd6 Rf8 19. Qf4 Ne8 20. Nge4 Nxd6 21.
Nxd6 Qf6 22. Qe4 Rad8 23. Rd2 Qg5 24. Red1 Qa5 25. a3 Qg5 26. h3 Qf6 27. Ba2 Nb8
28. Qe5 Nd7 29. Qg3 Nb8 30. Ne4 Qf5 31. Qe3 Qh5 32. b4 Qh4 33. a4 Bc8 34. b5
cxb5 35. axb5 Bb7 36. Nd6 Qe7 37. c5 a6 38. d5 bxc5 39. dxe6 fxe6 40. Qxc5 Rd7
41. Nf5+ Rxf5 42. Rxd7 Qxd7 43. Rxd7+ Nxd7 44. Qe7+ Kh6 45. Qxd7 Bd5 46. Bxd5
Rxd5 47. Qxd5 1-0

[Event "Tseshkovsky Mem 2014"]
[Site "Sochi RUS"]
[Date "2014.09.19"]
[Round "3.4"]
[White "Simantsev, Mikhail"]
[Black "Burmakin, Vladimir"]
[Result "1/2-1/2"]
[WhiteTitle "GM"]
[BlackTitle "GM"]
[WhiteElo "2443"]
[BlackElo "2584"]
[WhiteFideId "14104555"]
[BlackFideId "4105109"]
[EventDate "2014.09.17"]

1. d4 d5 2. c4 c6 3. cxd5 cxd5 4. Nc3 Nc6 5. Bf4 Nf6 6. Nf3 Bf5 7. e3 e6 8. Bd3
Bxd3 9. Qxd3 Bd6 10. Bxd6 Qxd6 11. O-O O-O 1/2-1/2

[Event "Tseshkovsky Mem 2014"]
[Site "Sochi RUS"]
[Date "2014.09.19"]
[Round "3.5"]
[White "Volkov, Sergey"]
[Black "Demidov, Mikhail"]
[Result "1/2-1/2"]
[WhiteTitle "GM"]
[BlackTitle "IM"]
[WhiteElo "2583"]
[BlackElo "2499"]
[WhiteFideId "4122763"]
[BlackFideId "4197143"]
[EventDate "2014.09.17"]

1. d4 d5 2. c4 dxc4 3. e4 Nf6 4. e5 Nd5 5. Bxc4 Nb6 6. Bd3 Nc6 7. Be3 Nb4 8. Be4
f5 9. a3 N4d5 10. Bf3 Bd7 11. Nh3 Bc6 12. Ng5 Qc8 13. e6 g6 14. Qe2 Bh6 15. h4
Nxe3 16. Bxc6+ bxc6 17. Qxe3 Nd5 18. Qe5 O-O 19. Nc3 Bg7 20. Nxd5 cxd5 21. Qxd5
Qa6 22. Rc1 Rad8 23. Qc6 Qxc6 24. Rxc6 Bxd4 25. Nf7 Rb8 26. b4 Rb6 27. Rxb6 axb6
28. Rh3 Ra8 29. h5 b5 30. Rd3 c5 31. h6 Ra6 32. Kf1 Rxe6 33. Ng5 Rd6 34. bxc5
Bxc5 35. Rc3 Rd1+ 36. Ke2 Rd5 37. f4 e5 38. g3 exf4 39. gxf4 Be7 40. Rc8+ Rd8
41. Rc7 Bf8 42. Nxh7 Bxh6 43. Nf6+ Kf8 44. Nh7+ Kg8 1/2-1/2

[Event "Tseshkovsky Mem 2014"]
[Site "Sochi RUS"]
[Date "2014.09.19"]
[Round "3.6"]
[White "Lugovskoy, Maxim"]
[Black "Brodsky, Michail"]
[Result "1/2-1/2"]
[WhiteTitle "IM"]
[BlackTitle "GM"]
[WhiteElo "2390"]
[BlackElo "2566"]
[WhiteFideId "24126454"]
[BlackFideId "14100932"]
[EventDate "2014.09.17"]

1. e4 c5 2. Nf3 Nc6 3. c3 Nf6 4. e5 Nd5 5. d4 cxd4 6. cxd4 d6 7. Bc4 dxe5 8.
Bxd5 Qxd5 9. Nc3 Qd6 10. d5 Nd4 11. Nxd4 exd4 12. Qxd4 e5 13. Qe3 f5 14. O-O Bd7
15. b3 Be7 16. a4 O-O 17. Ba3 Qf6 18. Bxe7 Qxe7 19. Rfe1 Rfe8 20. f4 e4 21. Qd4
Qd6 22. Ne2 Re7 23. Rac1 Be8 24. Rc3 Rd8 25. Rd1 a6 26. Ng3 g6 27. Ne2 Bf7 28.
Rc5 Red7 29. Qc4 Kg7 30. b4 h6 31. a5 Kh7 32. Qc3 Qe7 33. Qc4 Qd6 1/2-1/2

[Event "Tseshkovsky Mem 2014"]
[Site "Sochi RUS"]
[Date "2014.09.19"]
[Round "3.7"]
[White "Mozharov, Mikhail"]
[Black "Tunik, Gennady"]
[Result "1/2-1/2"]
[WhiteTitle "GM"]
[BlackTitle "GM"]
[WhiteElo "2555"]
[BlackElo "2415"]
[WhiteFideId "4189825"]
[BlackFideId "4101219"]
[EventDate "2014.09.17"]

1. Nf3 Nf6 2. c4 e6 3. g3 b6 4. Bg2 Bb7 5. O-O c5 6. Nc3 Ne4 7. Qc2 Nxc3 8. Qxc3
d6 9. Rd1 Nd7 10. d4 Qc7 11. dxc5 bxc5 12. Bf4 Nf6 13. b4 Be7 14. bxc5 Qxc5 15.
Rab1 Be4 16. Rb5 Qc7 17. c5 a6 18. Rb4 O-O 19. Qe3 Bd5 20. cxd6 Bxd6 21. Bxd6
Qxd6 22. Rb6 Qe7 23. Nh4 Rfd8 24. Qc1 Rac8 25. Qb2 Bxa2 26. Rxd8+ Qxd8 27. Rxa6
Bd5 28. Bxd5 1/2-1/2

[Event "Tseshkovsky Mem 2014"]
[Site "Sochi RUS"]
[Date "2014.09.19"]
[Round "3.8"]
[White "Landa, Konstantin"]
[Black "Dmitrenko, Viktor"]
[Result "1-0"]
[WhiteTitle "GM"]
[BlackTitle "IM"]
[WhiteElo "2670"]
[BlackElo "2357"]
[WhiteFideId "4101685"]
[BlackFideId "14110270"]
[EventDate "2014.09.17"]

1. d4 d5 2. c4 c6 3. Nf3 Nf6 4. e3 e6 5. b3 Nbd7 6. Bb2 Bd6 7. Qc2 Qe7 8. Nbd2
e5 9. cxd5 cxd5 10. dxe5 Nxe5 11. Nxe5 Bxe5 12. Bxe5 Qxe5 13. Bb5+ Bd7 14. Bxd7+
Nxd7 15. O-O O-O 16. Rac1 Qb8 17. Qf5 Nf6 18. Nf3 Qd8 19. Rc2 Rc8 20. Rfc1 Rxc2
21. Rxc2 Re8 22. h3 h6 23. Qf4 Qb8 24. Qc7 a6 25. g4 Ne4 26. Qxb8 Rxb8 27. Rc7
b5 28. Ne5 b4 29. Kg2 Rb5 30. f3 Ng5 31. h4 Ne6 32. Rc8+ Kh7 33. Nxf7 Ra5 34. f4
Nc5 35. f5 1-0

[Event "Tseshkovsky Mem 2014"]
[Site "Sochi RUS"]
[Date "2014.09.19"]
[Round "3.9"]
[White "Khalifman, Alexander"]
[Black "Nakhbayeva, Guliskhan"]
[Result "1/2-1/2"]
[WhiteTitle "GM"]
[BlackTitle "WGM"]
[WhiteElo "2621"]
[BlackElo "2331"]
[WhiteFideId "4100115"]
[BlackFideId "13704788"]
[EventDate "2014.09.17"]

1. d4 Nf6 2. c4 e6 3. Nc3 Bb4 4. f3 d5 5. a3 Be7 6. e4 dxe4 7. fxe4 e5 8. d5 Bc5
9. Nf3 Bg4 10. h3 Bxf3 11. Qxf3 Nbd7 12. Bd2 Bd4 13. Bd3 O-O 14. O-O-O c5 15. g4
a6 16. Kb1 Ne8 17. Ne2 Nd6 18. Nxd4 cxd4 19. Bb4 Qc7 20. Rc1 a5 21. Bxd6 Qxd6
22. h4 Nc5 23. g5 Ra6 24. Bc2 Rb6 25. Ka2 a4 26. Rb1 Qg6 27. Qe2 1/2-1/2

[Event "Tseshkovsky Mem 2014"]
[Site "Sochi RUS"]
[Date "2014.09.19"]
[Round "3.10"]
[White "Nechaev, Oleg"]
[Black "Bukavshin, Ivan"]
[Result "0-1"]
[BlackTitle "GM"]
[WhiteElo "2329"]
[BlackElo "2613"]
[WhiteFideId "24113409"]
[BlackFideId "4199758"]
[EventDate "2014.09.17"]

1. d4 d5 2. Nf3 Nf6 3. c4 e6 4. Nc3 c6 5. Bg5 h6 6. Bxf6 Qxf6 7. e3 g6 8. Qc2
Nd7 9. Be2 dxc4 10. Bxc4 Bg7 11. O-O O-O 12. e4 c5 13. d5 Nb6 14. Qd3 Rd8 15.
Rac1 Nxc4 16. Qxc4 b6 17. Rfd1 Bb7 18. b3 g5 19. h3 Rd7 20. a4 Rad8 21. a5 exd5
22. Nxd5 Qe6 23. axb6 axb6 24. Qb5 Bc6 25. Qc4 Bxd5 26. exd5 Rxd5 27. Re1 Qd7
28. Qe4 Rd3 29. b4 Rd5 30. bxc5 Rxc5 31. Rxc5 bxc5 32. h4 Bf6 33. Ne5 Qd4 34.
hxg5 Qxe4 35. Rxe4 hxg5 36. Nc4 Bd4 37. g4 Ra8 38. Kf1 Ra6 39. f3 Kg7 40. Ke2
Ra2+ 41. Kd3 Kf6 42. Re2 Ra1 43. Nd6 Ra3+ 44. Ke4 Ke6 45. Nf5 Bc3 46. Kd3+ Be5+
47. Kc4 Rc3+ 48. Kb5 f6 49. Ne3 Kd7 50. Nc4 Ke6 51. Ne3 Kf7 52. Kc6 Rd3 53. Nc4
Ke6 54. Rf2 Bd4 55. Re2+ Kf7 56. Nd6+ Kg6 57. Re7 Rxf3 58. Kd7 Rf4 59. Ke8 Rxg4
60. Kf8 Rf4 0-1

[Event "Tseshkovsky Mem 2014"]
[Site "Sochi RUS"]
[Date "2014.09.19"]
[Round "3.11"]
[White "Zakarian, David"]
[Black "Korneev, Oleg"]
[Result "1/2-1/2"]
[WhiteTitle "FM"]
[BlackTitle "GM"]
[WhiteElo "2400"]
[BlackElo "2581"]
[WhiteFideId "13301276"]
[BlackFideId "4156803"]
[EventDate "2014.09.17"]

1. e4 c5 2. Nf3 Nc6 3. d4 cxd4 4. Nxd4 Qb6 5. Nb3 Nf6 6. Nc3 e6 7. Be3 Qc7 8.
Bd3 a6 9. f4 d6 10. O-O b5 11. Qe1 Be7 12. Kh1 O-O 13. a4 b4 14. Ne2 e5 15. c4
bxc3 16. Qxc3 Bb7 17. fxe5 dxe5 18. Ng3 Nd7 19. Rac1 Rac8 20. Bc4 Qd8 21. Nf5
Kh8 22. Qe1 g6 23. Nh6 f6 24. Nf7+ Rxf7 25. Bxf7 Nb4 26. Qh4 Rxc1 27. Rxc1 f5
28. Qh3 Nd3 29. Rf1 f4 30. Bxg6 Nf8 31. Bf5 fxe3 32. Qxe3 Nf4 1/2-1/2